| 000 | 00401nam a22001577a 4500 | ||
|---|---|---|---|
| 005 | 20180220152521.0 | ||
| 008 | 160426b xxu||||| |||| 00| 0 eng d | ||
| 020 | _a81-224-1522-9 | ||
| 041 | _aeng | ||
| 082 |
_b00011 _a001.42 |
||
| 100 |
_aKOTHARI, C.R. _946 |
||
| 245 | _aResearch Methodology Methods and Techniques | ||
| 260 |
_aNew Delhi _bNew Age International Ltd _c2009 |
||
| 300 | _a401 | ||
| 942 | _cBK | ||
| 999 |
_c4 _d4 |
||